Электроника: учебник

Dades bibliogràfiques
Autor principal: Миловзоров О. В. Олег Владимирович
Altres autors: Панков И. Г. Иван Григорьевич
Idioma:rus
Publicat: Москва, Высшая школа, 2004
Matèries:
Format: Llibre
KOHA link:https://koha.lib.tpu.ru/cgi-bin/koha/opac-detail.pl?biblionumber=65408

MARC

LEADER 00000nam0a2200000 4500
001 65408
005 20231101212211.0
010 |a 5060044289 
035 |a (RuTPU)RU\TPU\book\69433 
090 |a 65408 
100 |a 20040621d2004 m y0rusy50 ca 
101 0 |a rus 
102 |a RU 
105 |a a j 001zy 
200 1 |a Электроника  |e учебник  |f О. В. Миловзоров, И. Г. Панков 
210 |a Москва  |c Высшая школа  |d 2004 
215 |a 288 с.  |c ил. 
320 |a Библиогр.: с. 280. 
320 |a Предметный указатель: с. 281-285 
451 1 |0 (RuTPU)RU\TPU\book\142651  |y 978-5-06-004428-7  |t Электроника  |o учебник  |f О. В. Миловзоров, И. Г. Панков  |e 4-е изд., стер.  |c М.  |n Высшая школа  |d 2008  |p 288 с.  |a Миловзоров, Олег Владимирович 
606 1 |a Электроника  |2 stltpush  |3 (RuTPU)RU\TPU\subj\20310  |9 45419 
610 1 |a микроэлектроника 
610 1 |a полупроводниковые элементы 
610 1 |a аналоговая схемотехника 
610 1 |a цифровые устройства 
610 1 |a программируемые вычислительные устройства 
610 1 |a полупроводниковые диоды 
610 1 |a биполярные транзисторы 
610 1 |a полевые транзисторы 
610 1 |a тиристоры 
610 1 |a усилители 
610 1 |a каскады 
610 1 |a операционные усилители 
610 1 |a компараторы 
610 1 |a источники вторичного электропитания 
610 1 |a силовые устройства 
610 1 |a ключевые схемы 
610 1 |a шифраторы 
610 1 |a дешифраторы 
610 1 |a сумматоры 
610 1 |a мультиплексоры 
610 1 |a триггеры 
610 1 |a счетчики 
610 1 |a регистры 
610 1 |a запоминающие устройства 
610 1 |a микропроцессоры 
610 1 |a однокристальные микропроцессоры 
610 1 |a микроконтроллеры 
610 1 |a логические интегральные схемы 
610 1 |a электронные устройства 
610 1 |a автоматизированное проектирование 
610 1 |a программируемая матричная логика 
610 1 |a учебники 
675 |a 621.38(075.8)  |v 3 
700 1 |a Миловзоров  |b О. В.  |g Олег Владимирович 
701 1 |a Панков  |b И. Г.  |g Иван Григорьевич 
801 1 |a RU  |b 63413507  |c 20040621  |g PSBO 
801 2 |a RU  |b 63413507  |c 20210610  |g PSBO 
900 |a Оборудование машиностроительного производства 
900 |a Электроника и микропроцессорная техника в машиностроен 
942 |c BK 
952 |a 552900  |b 120800 
959 |a 102/20040622  |d 20  |e 0  |f АНЛ:1  |f ЧЗТЛ:1  |f УФ:18